Score 0/10 Timer 10:00
0 Plays Today
Questions Answers % Correct
Princess Cadance is married to???
96%
Lyra Heartstrings lives with???
88.1%
Which season has only 13 episodes???
74.2%
What is Sunset Shimmer's cutie mark???
71.5%
What colour are DJ PON-3's eyes???
60.9%
Twilight's mom is called???
60.1%
Applejack's uncle is called???
58.1%
In which episode does Derpy speak for the first time???
51.7%
Who voices Derpy Hooves???
40.8%
Who voices Applebloom???
37.2%
Remove Ads.
Support Sporcle.
Get the best of Sporcle when you Go Orange. This ad-free experience offers more features, more stats, and more fun while also helping to support Sporcle. Thank you for becoming a member.

You're not logged in!

Compare scores with friends on all Sporcle quizzes.
OR
Log In

Show Comments

Extras

Top Quizzes Today


Score Distribution

Your Account Isn't Verified!

In order to create a playlist on Sporcle, you need to verify the email address you used during registration. Go to your Sporcle Settings to finish the process.

Report this User

Report this user for behavior that violates our Community Guidelines.

Details: